India's North East : (Record no. 28818)

MARC details
000 -LEADER
fixed length control field 01469nam a22003134a 4500
005 - DATE AND TIME OF LATEST TRANSACTION
control field 20090801114735.0
008 - FIXED-LENGTH DATA ELEMENTS--GENERAL INFORMATION
fixed length control field 080308s2008 ii a b 101 0 eng
010 ## - LCCN (DPL NO)
LC control number ENG-94602
020 ## - INTERNATIONAL STANDARD BOOK NUMBER
International Standard Book Number 9788170493266
Terms of availability 695.00
035 ## - SYSTEM CONTROL NUMBER
System control number EN-78135
037 ## - SOURCE OF ACQUISITION
Source of stock number/acquisition DBAD / PUB
040 ## - CATALOGING SOURCE
Original cataloging agency dpl
Language of cataloging English
082 ## - DEWEY DECIMAL CLASSIFICATION NUMBER
Classification number 954.5
245 ## - TITLE STATEMENT
Title India's North East :
Remainder of title new vistas for peace /
Statement of responsibility, etc edited by Pushpita Das [and] Namrata Goswami
260 ## - PUBLICATION, DISTRIBUTION, ETC. (IMPRINT)
Place of publication, distribution, etc New Delhi
Name of publisher, distributor, etc Manas Publications
Date of publication, distribution, etc 2008
270 ## - ADDRESS
Address 4402/5-A, Main Ansari Road, (Opp. HDFC Bank), Daryaganj,
City New Delhi
Postal code 110002
300 ## - PHYSICAL DESCRIPTION
Extent 283 p. :
Other physical details ill. ;
Dimensions 22cm(Hb)
500 ## - GENERAL NOTE
General note Includes bibliographical references and index
500 ## - GENERAL NOTE
General note "Institute for Defence Studies and Analysis, New Delhi"
520 ## - SUMMARY, ETC.
Summary, etc Contributed articles at a seminar held in Shillong, Meghalaya on Sept. 25-26, 2006 focussing on building peace and development in the North East India.
650 ## - SUBJECT ADDED ENTRY--TOPICAL TERM
Topical term or geographic name as entry element Peace-building
Geographic subdivision India, Northeastern
Form subdivision Congresses.
650 ## - SUBJECT ADDED ENTRY--TOPICAL TERM
Topical term or geographic name as entry element Community development
Geographic subdivision India, Northeastern
Form subdivision Congresses.
651 ## - SUBJECT ADDED ENTRY--GEOGRAPHIC NAME
Geographic name India, Northeastern
General subdivision Politics and government
Form subdivision Congresses.
700 ## - ADDED ENTRY--PERSONAL NAME
Personal name Das, Pushpita
700 ## - ADDED ENTRY--PERSONAL NAME
Personal name Goswami, Namrata
710 ## - ADDED ENTRY--CORPORATE NAME
Corporate name or jurisdiction name as entry element Institute for Defence Studies and Analyses.
942 ## - ADDED ENTRY ELEMENTS (KOHA)
Source of classification or shelving scheme Dewey Decimal Classification
Item type English Books
Call number suffix IND
Classification part 954.5
Holdings
Withdrawn status Lost status Source of classification or shelving scheme Damaged status Not for loan Collection code Home library Current library Date acquired Source of acquisition Cost, normal purchase price Total Checkouts Full call number Barcode Date last seen Copy number Cost, replacement price Koha item type
    Dewey Decimal Classification   Not For Loan Non-fiction D.B.Act.Division D.B.Act.Division 01/08/2009 DBAD / PUB 695.00   954.5 IND EN-78135 01/08/2009 1 695.00 English Books

© Delhi Public Library
Hit Counter
free hit counter